1344 1716 1073 1916 1067 1652 1962 1073 1997 1903 1976 1926 1236 1591 1603 1190 1432 1247 1987 1885 1354 1795 1477 1232 1944 1398 1656 1548 1415 1507 1918 1967 1605 1856 1376 1645 1277 1047 1308 1227 1414 1170 1950 1963 1858 1384 1168 1125 1563 1364 1722 1671 1449 1753 1998 1009 1606 1481 1899 1922 1913 1532 1656 1854 1639 1158 1227 1359 1548 1434 1091 1956 1622 1253 1881 1277 1480 1875 1466 1354 1946 1465 1342 1849 1936 1434 1725 1724 1828 1868 1152 1501 1954 1767 1102 1524 1634 1220 1813 BCNSPRNW ULIB Ver.6.0+V

เปลี่ยนเป็นภาษาไทย

Change to English
 แสดงรายละเอียดบรรณานุกรม
  กลับหน้าหลัก

Brief Record : Get Marc (ISO 2709) : E-mail record : QR code < ปิดหน้าต่าง
LEADER : 00000nam 2200000uu 4500
001    13399122889
003     ULIB
008    131025s2010||||th 000 0 eng d
020    ^a0781793866 (paperback) ^c^31.99
020    ^a9780781793865 (paperback)
060  4 WY100^bT239s
100 1  ^aCarol R. Taylor
245 10 ^aStudy guide for fundamentals of nursing : ^bthe art and science of nursing care / ^cCarol R. Taylor , Carol Lillis , Priscilla LeMone , Pamela Lynn and Marilee LeBon BA.
250    ^aSeventh ed.
260    ^a[S.l.] : ^bLippincott Williams & Wilkins, ^c2010.
300    ^a432 p. ; ^c28 cm.
520    ^aCreated in conjunction with Fundamentals of Nursing, Seventh Edition , this Study Guide helps students review and apply concepts from the textbook to prepare for exams as well as nursing practice. Each chapter includes three sections: Practicing for NCLEX&^65533; (containing multiple-choice and alternate-format questions), Developing Your Knowledge Base (including a variety of questions formats such as fill-in-the-blank, matching, and short answer), and Applying Your Knowledge (comprised of critical thinking questions, reflective practice scenarios, and patient care studies). An Answer Key appears at the back of the book.
650  7 fundamentals of nursing
700 1  ^aCarol Lillis MSN
700 1  ^aPriscilla LeMone DSN RN
700 1  ^aPamela Lynn MSN
700 1  ^aMarilee LeBon.
945    ^p0^l0^i034107
999    ^aเกษร โพธิ์สุวรรณ
รายการนี้ยังไม่มีแท็ก
คุณยังไม่ได้ล็อกอิน คุณสามารถมีกิจกรรมร่วมกับเว็บไซต์ได้ แต่ต้องล็อกอินก่อน ::
  ล็อกอิน

รายการสื่อสารสนเทศ

ลำดับที่ ประเภท เลขเรียก/บาร์โค้ด สถานที่ สถานะ
1. Book การพยาบาล
Book การพยาบาล
WY100 T239s  
  Barcode: 034107
ห้องสมุดวิทยาเขตสวรรค์ประชารักษ์
►หนังสือทั่วไป
บนชั้น

BibComment


ยังไม่เคยถูกคอมเมนท์

คอมเมนท์ทรัพยากรรายการนี้
  คอมเมนท์: Study guide for ..


 Copyright 2026. Bcnsprnw @Library